Sermones panegíricos y de misterios / (Registro nro. 7770)

Detalles MARC
000 -LIDER
fixed length control field 01153nam a2200313 a 4500
001 - NÚMERO DE CONTROL
Identificador de número de control 000026554
003 - IDENTIFICACDOR DE NÚMERO DE CONTROL
control field DO-SdBNP
005 - DATE AND TIME OF LATEST TRANSACTION
control field 20180402155405.0
007 - CAMPOS FIJOS DE DESCRIPCIÓN FÍSICA
fixed length control field 000026554
008 - ELEMENTOS DE LONGITUD FIJA
fixed length control field 110323s1995 dr 000 0 spa d
040 ## - FUENTE DE CATALOGACIÓN
Agencia que crea de manera original el registro BPMSU
Idioma de catalogación spa
Agencia que realiza la transcripción BPMSU
092 ## - LOCALLY ASSIGNED DEWEY DECIMAL CALL NUMBER
Número de clasificación RD865.1
Número de ítem (Cutter) S211s
100 1# - ASIENTO PRINCIPAL -- NOMBRE PERSONAL
Nombre personal Sánchez Valverde, Antonio
245 10 - MENCIÓN DE TITULO
Título Sermones panegíricos y de misterios /
Mención de responsabilidad Antonio Sánchez Valverde ; notas del autor, notas adicionales de José Luis Sáez.
260 0# - PUBLICACIÓN, DISTRIBUCIÓN, ETC. (PIE DE IMPRENTA)
Lugar de publicación, distribución, etc Santo Domingo :
Nombre del editor, distribuidor, etc. Fundación Corripio,
Fecha de publicación, distribución, etc 1995.
300 ## - DESCRIPCIÓN FÍSICA
Extensión 313 p. ;
Dimensiones 24 cm.
490 1# - MENCIÓN DE SERIES
Mención de serie Biblioteca de clásicos dominicanos
Volume/sequential designation 22
500 ## - NOTA GENERAL
Nota general Incluye referencias biobliográficas y notas al pie de las páginas
533 ## - NOTA DE REPRODUCCIÓN
Tipo de producción Facsimil
Lugar de reproducción Madrid:
Agencia responsable de la reproducción Impresor de Camara de S.M.,
Fecha de reproducción 1783
650 #4 - ENCABEZAMIENTO DE MATERIA--TEMÁTICO
Término temático o nombre geográfico como elemento de entrada SERMONES ESPAÑOLES
Subdivisión temática general COLECCIONES
650 #4 - ENCABEZAMIENTO DE MATERIA--TEMÁTICO
Término temático o nombre geográfico como elemento de entrada ORATORIA DOMINICANA
Subdivisión temática general COLECCIONES
650 #4 - ENCABEZAMIENTO DE MATERIA--TEMÁTICO
Término temático o nombre geográfico como elemento de entrada LITERATURA DOMINICANA
700 12 - ASIENTO SECUNDARIO -- NOMBRE PERSONAL
Nombre personal Sáez, José Luis
830 #0 - ASIENTO SECUNDARIO DE SERIE--TÍTULO UNIFORME
Título uniforme Biblioteca del clásicos dominicanos
Volume number/sequential designation 22
910 ## - VALIDACIÓN
Validación Validado. Control de calidad MFF
942 ## - ADDED ENTRY ELEMENTS (KOHA)
Source of classification or shelving scheme Dewey Decimal Classification
Koha item type Libros
945 ## - INFORMACIÓN DE PROCESAMIENTO LOCAL
Información de procesamiento local Remanejado para la BNPHU / 2014 VM
956 ## - LOCAL ELECTRONIC LOCATION AND ACCESS (OCLC)
Nombre de host VMATEO
Número de acceso 10
Información de compresión 20150713
Inicio de sesión BPMSU
Procesador de solicitud 00151
Existencias
Withdrawn status Lost status Source of classification or shelving scheme Damaged status Not for loan Collection code Home library Current library Date acquired Total Checkouts Full call number Barcode Date last seen Price effective from Koha item type Copy number
    Dewey Decimal Classification     Colección Dominicana Biblioteca Pública Metropolitana Salomé Ureña Biblioteca Pública Metropolitana Salomé Ureña 07/15/2015   RD865.1 S211s BPMSU15070214 07/15/2015 07/15/2015 Libros  
    Dewey Decimal Classification     Colección Dominicana Biblioteca Pública Metropolitana Salomé Ureña Biblioteca Pública Metropolitana Salomé Ureña 07/15/2015   RD865.1 S211s BPMSU15070215 07/15/2015 07/15/2015 Libros e. 2